History Quiz

Random History or Asia Quiz

Evolution of Flags Quiz Stats

 Plays Quiz Updated Nov 23, 2016

Challenge
Share
Tweet
Score 0/22 Timer 08:00
2 Plays Today
Flag Change Country % Correct
Add white star in upper left. Change order of existing 49 stars.United States
91.9%
Remove red Vt stripe and letter “R”. Add Hz blue stripe in top half and sun in top right. Turn Vt yellow and green stripes to Hz and move to middle and bottom. Darken green.Rwanda
52.1%
Remove blue box, 13 stars, gear and rice paddy. Add yellow Hz stripe at top and green Hz stripe in middle. Enlarge remaining white star and move to center.Myanmar
40.5%
Add Hz black stripe in middle and and Hz red stripe at top. Add white crescent and star in center.Libya
40.4%
Remove flags from center and orange and white Hz stripes from top and middle. Add red Hz stripe at top, a black-on-gold triangle at left and Hz green-on-white Y form to middle.South Africa
39.6%
Remove three green stars from middle and change script of the takbir (Allahu Akbar).Iraq
39.4%
Remove arms of Savoy from center.Italy
38.8%
Shrink cross and move to top left. Add four Hz white stripes to alternate with existing blue background.Greece
37.1%
Remove emblem from top left. Add Basotho hat to centre and Hz white stripe to middle. Darken and turn blue and green diagonal stripes to Hz and move to top and bottom.Lesotho
37.1%
Remove gold Vergina Sun from center. Add larger sun in its place with rays extending off of the red background.Macedonia
29.2%
Remove maroon background and black and white Hz stripes in top left. Add white background with a red cross extending over the edges. Add red bolnur-katskhuri crosses to each cornerGeorgia
28.9%
Flag Change Country % Correct
Remove elephant in regalia from center. Add blue-on-white Hz stripe to middle.Thailand
26.4%
Move Hz red and black stripes to middle and top. Replace red rising sun at top. Remove full white sun in center.Malawi
25.7%
Remove coat of arms and palm leaf from centre. Add three green diamonds arranged in “V” pattern in centre. Enlarge Vt yellow stripe in middle.Saint Vincent and the Grenadines
24.2%
Add eighth white star to semi-circle in center.Venezuela
24.1%
Remove Airavata, pedestal and umbrella from center. Add Hz blue stripe to middle and white circle to center.Laos
20%
Remove six gold stars from left. Add red ascending diagonal stripe flanked by two gold stripes. Move gold star from center to top left.Democratic Republic of the Congo
19.7%
Remove white Hz stripes at top and bottom. Add Vt ornamentation to left and green Hz stripe to bottom. Extend Hz red stripe in middle to include top.Belarus
17.7%
Remove black box on left and red box on right. Shrink coat of arms in center. Add Hz blue stripe to top half and Hz red stripe to bottom half. Haiti
11.9%
Remove Saint John’s Eagle from center-left and add coat of arms in its place.Spain
11.6%
Remove swords from seal. Recolor from gold to white. Replace Hz white stripe from middle with Vt red stripe. Turn Hz green and black stripes to Vt and move to right and left.Afghanistan
11.4%
Remove kanaga from center.Mali
5.9%

You're not logged in!

Compare scores with friends on all Sporcle quizzes.
Join for Free
OR
Log In

You Might Also Like...

Show Comments

Extras

Top Quizzes Today


Score Distribution

Your Account Isn't Verified!

In order to create a playlist on Sporcle, you need to verify the email address you used during registration. Go to your Sporcle Settings to finish the process.

Report this User

Report this user for behavior that violates our Community Guidelines.

Details: